000 00857nam0a22002411 4500
001 rc\2638886
005 20250529185247.0
035 _a(NLR Aleph) 006946969
090 _a5208824
_c5208824
100 _a20110603d1929 |||y0rusy50 ca
101 0 _arus
102 _aRU
105 _ay z |||||
200 1 _aОчерки экономики каракулеводства Узбекской ССР
_fК.В. Арасимович
_gУзССР. Нар ком. зем. планово-экономич. бюро
210 _aСамарканд
_cНаркомзем УзССР
_d1929
215 _a[4], VI, 293 с.
_d26 см
_eПриложение. 1929. VIII, 408, [2] с.
700 1 _aАрасимович
_bК.В.
801 0 _aRU
_bNLR
_gpsbo
801 1 _aRU
_bELAR
_2rusmarc
852 _aNLR
_j31-5/488
852 _aNLR
_j30.5/769
942 _cBOOK
980 _aNB